[Event "Dublin Gonzaga Masters"]
[Site "Dublin"]
[Date "2013.02.03"]
[Round "5"]
[White "Boyle, Bernard"]
[Black "Buckley, Gerard"]
[Result "1-0"]
[WhiteElo "1929"]
[BlackElo "1934"]
[PlyCount "100"]
[EventDate "2013.02.01"]
[EventType "swiss"]
[EventRounds "5"]
[EventCountry "IRL"]
[SourceTitle "EXT 2015"]
[Source "ChessBase"]
[SourceDate "2014.11.20"]
[SourceVersion "1"]
[SourceVersionDate "2014.11.20"]
[SourceQuality "1"]

1. d4 Nf6 2. Bf4 e6 3. e3 c5 4. Nf3 Nc6 5. Nbd2 cxd4 6. exd4 d5 7. c3 Be7 8. Bd3 Bd7 9. Ne5 h6 10. 0-0 g5 11. Be3 Qc7 12. f4 g4 13. f5 Nxe5 14. dxe5 Bc5 15. Bd4 Ne4 16. fxe6 Bxe6 17. Bxe4 dxe4 18. Nxe4 Be7 19. Nf6+ Bxf6 20. exf6 0-0-0 21. Qa4 b6 22. Rae1 h5 23. Qa6+ Qb7 24. Qxb7+ Kxb7 25. Rxe6 fxe6 26. f7 Rhf8 27. Bg7 Kc7 28. Bxf8 Rxf8 29. Rf6 Kd7 30. Rh6 Rxf7 31. Rxh5 Kd6 32. Rg5 Rf4 33. g3 Re4 34. Kf2 a5 35. a3 e5 36. Rh5 Kd5 37. h3 gxh3 38. Rxh3 Kc4 39. Rh4 Kd3 40. Rxe4 Kxe4 41. a4 Kd3 42. g4 e4 43. Ke1 Kc2 44. g5 Kxb2 45. g6 Kxc3 46. g7 Kb4 47. g8Q Kxa4 48. Qc4+ Ka3 49. Qxe4 b5 50. Qd3+ Ka4 1-0